Normal view MARC view

Entry Geographic Name

Number of records used in: 1

001 - CONTROL NUMBER

  • control field: 43108

003 - CONTROL NUMBER IDENTIFIER

  • control field: dpl

005 - DATE AND TIME OF LATEST TRANSACTION

  • control field: 20120227152838.0

008 - FIXED-LENGTH DATA ELEMENTS

  • fixed length control field: 120227|||a|||||| | ||| d

040 ## - CATALOGING SOURCE

  • Original cataloging agency: dpl
  • Transcribing agency: dpl

151 ## - HEADING--GEOGRAPHIC NAME

  • Geographic name: Asia
  • General subdivision: Economic policy

670 ## - SOURCE DATA FOUND

  • Source citation: Work cat.: (dpl)27672: Post-reform development in Asia:, 2009

670 ## - SOURCE DATA FOUND

  • Source citation: Work cat.: (dpl)27672: Post-reform development in Asia:, 2009

© Delhi Public Library
Hit Counter
free hit counter